Manifiesto que en su defensa, y en contextacion [sic] al que publicó una cabeza exaltada de la villa de Castro Urdiales da a luz el teniente coronel del Regimiento de Usares de Iberia Pedro Pablo Álvarez, gobernador que fue de aquella plaza durante los sitios que sufrió hasta su abandono, Bermeo 24 de mayo de 1813. (Record no. 23325)

MARC details
000 -LEADER
campo de control de longitud fija 01350nam a2200241 i 4500
001 - NÚMERO DE CONTROL
campo de control 23325
003 - IDENTIFICADOR DE NÚMERO DE CONTROL
campo de control ES-MaACL
005 - FECHA Y HORA DE LA ÚLTIMA TRANSACCIÓN
campo de control 20240229062719.0
007 - CAMPO FIJO DE DESCRIPCIÓN FÍSICA--INFORMACIÓN GENERAL
campo de control de longitud fija t|
008 - DATOS DE LONGITUD FIJA--INFORMACIÓN GENERAL
campo de control de longitud fija 021210s1813 sp ||||1| spa d
080 ## - NÚMERO DE LA CLASIFICACIÓN DECIMAL UNIVERSAL
Número de la Clasificación Decimal Universal 94(460)"1808/14"
100 1# - ENTRADA PRINCIPAL--NOMBRE DE PERSONA
Nombre de persona Alvarez, Pedro Pablo.
9 (RLIN) 20670
245 10 - MENCIÓN DEL TÍTULO
Título Manifiesto que en su defensa, y en contextacion [sic] al que publicó una cabeza exaltada de la villa de Castro Urdiales da a luz el teniente coronel del Regimiento de Usares de Iberia Pedro Pablo Álvarez, gobernador que fue de aquella plaza durante los sitios que sufrió hasta su abandono, Bermeo 24 de mayo de 1813.
246 3# - FORMA VARIANTE DEL TITULO
Título propio/Titulo breve Manifiesto que en su defensa, y en contestación al que publicó una cabeza exaltada de la villa de Castro Urdiales da a luz el teniente coronel del Regimiento de Usares de Iberia Pedro Pablo Álvarez...
260 ## - PUBLICACIÓN, DISTRIBUCIÓN, ETC.
Lugar de publicación, distribución, etc. Burgos :
Nombre del editor, distribuidor, etc. [s.n.],
Fecha de publicación, distribución, etc. 1813 (
Fabricante Imp. de Navas)
300 ## - DESCRIPCIÓN FÍSICA
Extensión 57, 34 p. ;
Dimensiones 19 cm.
530 ## - NOTA DISPONIBLE DE FORMULARIO FÍSICO ADICIONAL
Nota de formato físico adicional disponible Disponible en formato digital.
594 ## - Nota al título y mención de responsabilidad
Nota al título y mención de responsabilidad La serie de 34 p. con tít. propio: Apéndice de los documentos justificativos con que se acredita la anterior defensa.
651 #4 - PUNTO DE ACCESO ADICIONAL DE MATERIA--NOMBRE GEOGRÁFICO
Nombre geográfico España-
Subdivisión general Historia-
Subdivisión cronológica 1808-1814, Guerra de la Independencia
9 (RLIN) 8244
852 4# - LOCALIZACIÓN
Ubicación ES-MaACL
Número de control de estantería T-131-F-1
856 4# - LOCALIZACIÓN Y ACCESO ELECTRÓNICOS
Identificador Uniforme de Recursos <a href="http://bdh-rd.bne.es/viewer.vm?id=0000202173&page=1 ">http://bdh-rd.bne.es/viewer.vm?id=0000202173&page=1 </a>
Nota pública Biblioteca Digital Hispánica
Holdings
Estatus retirado Estado de pérdida Estado de daño No para préstamo Colección Biblioteca de origen Biblioteca actual Ubicación en estantería Fecha de adquisición Fuente de adquisición Total de préstamos Signatura topográfica completa Código de barras Visto por última vez Precio de reemplazo Tipo de ítem Koha
        Colección de folletos Biblioteca del Ateneo de Madrid Biblioteca del Ateneo de Madrid Depósito folletos 17/01/2008     T-131-F-1 1024031 23/02/2023 23/02/2023 Folleto